Human resource management / (Record no. 345647)
[ view plain ]
| 000 -LEADER | |
|---|---|
| fixed length control field | 00351nam a22001577a 4500 |
| 003 - CONTROL NUMBER IDENTIFIER | |
| control field | NUST |
| 020 ## - INTERNATIONAL STANDARD BOOK NUMBER | |
| International Standard Book Number | 969538000x |
| 038 ## - RECORD CONTENT LICENSOR | |
| Staff Name | Arshad |
| 082 ## - DEWEY DECIMAL CLASSIFICATION NUMBER | |
| Classification number | 320.011 |
| 100 ## - MAIN ENTRY--PERSONAL NAME | |
| Personal name | Mazher ul Haq |
| 9 (RLIN) | 28668 |
| 245 ## - TITLE STATEMENT | |
| Title | Human resource management / |
| Statement of responsibility, etc. | Gary Dessler |
| 250 ## - EDITION STATEMENT | |
| Edition statement | 12thEd |
| 260 ## - PUBLICATION, DISTRIBUTION, ETC. | |
| Place of publication, distribution, etc. | Lahore |
| Name of publisher, distributor, etc. | Bookland |
| Date of publication, distribution, etc. | 2003 |
| 300 ## - PHYSICAL DESCRIPTION | |
| Extent | 531p |
| 942 ## - ADDED ENTRY ELEMENTS (KOHA) | |
| Koha item type | Book |
| Source of classification or shelving scheme | |
| Withdrawn status | Lost status | Damaged status | Not for loan | Permanent Location | Current Location | Date acquired | Total Checkouts | Full call number | Barcode | Date last seen | Date last checked out | Price effective from | Koha item type | Total Renewals |
|---|---|---|---|---|---|---|---|---|---|---|---|---|---|---|
| Central Library (CL) | Central Library (CL) | 08/28/2013 | 1 | 320.011 HAQ | NBSD-140 | 05/22/2015 | 05/22/2015 | 08/28/2013 | Book | |||||
| Central Library (CL) | Central Library (CL) | 08/28/2013 | 320.011 HAQ | NBSD-146 | 08/28/2013 | 08/28/2013 | Book | |||||||
| Central Library (CL) | Central Library (CL) | 08/28/2013 | 2 | 320.011 HAQ | NBSD-148 | 01/31/2022 | 09/20/2021 | 08/28/2013 | Book | 5 |
